2026 Formula 1 Team Principals - Statistics

General Stats
  • This quiz has been taken 23 times
  • The average score is 7 of 11
Answer Stats
Team Answer % Correct
Mercedes Toto Wolff
100%
McLaren Andrea Stella
95%
Ferrari Fred Vasseur
86%
Williams James Vowles
76%
Red Bull Laurent Mekies
76%
Aston Martin Adrian Newey
57%
Haas Ayao Komatsu
52%
Alpine Flavio Briatore
38%
Audi Jonathan Wheatley
38%
Racing Bulls Alan Permane
24%
Cadillac Graeme Lowdon
19%
No matching quizzes found
Score Distribution
Percent of People with Each Score
Percentile by Number Answered
Your Score History
You have not taken this quiz